Exploring harmony among religious traditional in India / (Record no. 41628)

MARC details
000 -LEADER
fixed length control field 00593nam a22002057a 4500
005 - DATE AND TIME OF LATEST TRANSACTION
control field 20100813141046.0
010 ## - LCCN (DPL NO)
LC control number ENG-100338
020 ## - INTERNATIONAL STANDARD BOOK NUMBER
International Standard Book Number 818733259-X
Terms of availability 150.00
020 ## - INTERNATIONAL STANDARD BOOK NUMBER
International Standard Book Number 9788187332596
Terms of availability 150.00
035 ## - SYSTEM CONTROL NUMBER
System control number EN-83870
037 ## - SOURCE OF ACQUISITION
Source of stock number/acquisition DBAD/PUB
082 ## - DEWEY DECIMAL CLASSIFICATION NUMBER
Classification number 200.954
245 ## - TITLE STATEMENT
Title Exploring harmony among religious traditional in India /
260 ## - PUBLICATION, DISTRIBUTION, ETC. (IMPRINT)
Place of publication, distribution, etc Kolkata
Name of publisher, distributor, etc Ramakrishna Mission Institute of culture
Date of publication, distribution, etc 2008
270 ## - ADDRESS
City Kolkata
Postal code 700029
300 ## - PHYSICAL DESCRIPTION
Extent xii,386p. :
Other physical details ill
Dimensions 22cm (Hb)
650 ## - SUBJECT ADDED ENTRY--TOPICAL TERM
Topical term or geographic name as entry element India
650 ## - SUBJECT ADDED ENTRY--TOPICAL TERM
Topical term or geographic name as entry element Religion
942 ## - ADDED ENTRY ELEMENTS (KOHA)
Source of classification or shelving scheme Dewey Decimal Classification
Item type English Books
Classification part 200.954
Call number suffix EXP

No items available.


© Delhi Public Library
Hit Counter
free hit counter